| 000 | 00383nam a22001577a 4500 | ||
|---|---|---|---|
| 003 | SGT | ||
| 020 | _a978-1-4377-1454-8 | ||
| 082 | _a617, B12J | ||
| 100 | _aJARNAGIN, WILLIAM R. | ||
| 245 | _aBLUMGART'S SURGERY OF THE LIVER, BILIARY TRACT AND PANCREAS | ||
| 250 | _a5TH | ||
| 260 |
_aPHILADELPHIA , _bELSEVIER _c2012 |
||
| 300 | _a1844 | ||
| 650 | _aSURGERY | ||
| 942 |
_2ddc _cBK |
||
| 999 |
_c8428 _d8428 |
||